|
|
|
|
| LEADER |
00000nam0a2200000 4500 |
| 001 |
10004 |
| 005 |
20231030182733.0 |
| 010 |
|
|
|a 9850600632
|
| 035 |
|
|
|a (RuTPU)RU\TPU\book\10060
|
| 035 |
|
|
|a BOOK00010123
|
| 090 |
|
|
|a 10004
|
| 100 |
|
|
|a 20011209d1998 m y0rusy50 ca
|
| 101 |
0 |
|
|a rus
|
| 102 |
|
|
|a BY
|
| 105 |
|
|
|a a j 000zy
|
| 200 |
1 |
|
|a Гидравлика и гидравлические машины
|e учебное пособие
|f В. Ф. Медведев
|
| 210 |
|
|
|a Минск
|c Вышэйшая школа
|d 1998
|
| 215 |
|
|
|a 311 с.
|c ил.
|
| 610 |
1 |
|
|a гидравлика
|
| 610 |
1 |
|
|a жидкости
|
| 610 |
1 |
|
|a газы
|
| 610 |
1 |
|
|a гидростатика
|
| 610 |
1 |
|
|a кинематика
|
| 610 |
1 |
|
|a гидравлические машины
|
| 610 |
1 |
|
|a насосы
|
| 610 |
1 |
|
|a компрессорные машины
|
| 610 |
1 |
|
|a учебные пособия
|
| 675 |
|
|
|a 532(075.8)
|v 3
|
| 675 |
|
|
|a 621.22(075.8)
|v 3
|
| 700 |
|
1 |
|a Медведев
|b В. Ф.
|g Виталий Федорович
|
| 801 |
|
0 |
|a RU
|b 63413507
|c 20011209
|g PSBO
|
| 801 |
|
2 |
|a RU
|b 63413507
|c 20061012
|g PSBO
|
| 942 |
|
|
|c BK
|